Miasta w Polsce, w których zatrzymuje się Pendolino - Statystyki

Ogólne statystyki
  • Ten quiz został rozwiązany 144 razy
  • Średni wynik to 23 z 35
Statystyki odpowiedzi
Województwo Miasto % Poprawnych
mazowieckie Warszawa
97%
pomorskie Gdynia
94%
pomorskie Gdańsk
93%
śląskie Katowice
93%
małopolskie Kraków
93%
dolnośląskie Wrocław
91%
opolskie Opole
89%
pomorskie Sopot
84%
podkarpackie Rzeszów
82%
śląskie Częstochowa
78%
zachodniopomorskie Kołobrzeg
76%
małopolskie Tarnów
75%
śląskie Bielsko-Biała
74%
śląskie Zabrze
73%
śląskie Gliwice
72%
zachodniopomorskie Koszalin
69%
pomorskie Malbork
66%
pomorskie Tczew
66%
śląskie Sosnowiec
65%
pomorskie Słupsk
61%
śląskie Tychy
57%
warmińsko-mazurskie Iława
52%
małopolskie Bochnia
50%
podkarpackie Dębica
50%
dolnośląskie Wałbrzych
50%
opolskie Brzeg
48%
dolnośląskie Jelenia Góra
47%
świętokrzyskie Włoszczowa
47%
mazowieckie Ciechanów
45%
śląskie Zawiercie
45%
warmińsko-mazurskie Działdowo
44%
pomorskie Lębork
43%
śląskie Czechowice-Dziedzice
39%
śląskie Pszczyna
32%
śląskie Lubliniec
28%
Nie znaleziono quizów pasujących do podanych kryteriów
Rozkład punktacji
Procent ludzi z każdym wynikiem
Percentyl według liczby udzielonych odpowiedzi
Twoja historia wyników
Nie rozwiązałeś tego quizu